000 00482nam a22001697a 4500
999 _c40650
_d40650
003 OSt
005 20210122145835.0
008 191017b ||||| |||| 00| 0 eng d
020 _a9789332576513
040 _coclc
082 _a658.007
_bSIN/C
100 _aSinha, Nishit K
_98382
245 _aComplete Guide for the CAT /
_cNishit K Sinha
250 _a4th Ed.
260 _aNoida:
_bPearson,
_c2017.
942 _2ddc
_cREF
_h658.007
_iSIN/C
_k658.007
_mSIN/C